| 000 | 00512nam a22001817a 4500 | ||
|---|---|---|---|
| 003 | BD-DhUL | ||
| 005 | 20161220115803.0 | ||
| 008 | 161220s1973 ii a|||| |||| 00| 0 eng d | ||
| 040 |
_cBD-DhUL _dBD-DhUL |
||
| 082 |
_a658.3 _bAGD |
||
| 245 | 4 |
_aDynamics of personnel management in india : _ba book of readings / _cR.D. Agarwal. |
|
| 260 |
_aBombay : _bTata McGraw-Hill, _c1973. |
||
| 300 |
_axv, 323 p. ; _c24 cm. |
||
| 365 |
_aUSD _b5.85 |
||
| 650 | 4 | _aManagement. | |
| 700 | 1 | _aAgarwal, R.D. | |
| 942 |
_2ddc _cBK |
||
| 999 |
_c138753 _d138753 |
||